[Event "Memorial Sergievskogo"]
[Site "Cheboksary"]
[Date "2016.04.12"]
[Round "5.10"]
[White "Evdokimov, Alexander A."]
[Black "Spiridonov, Sergey"]
[Result "1-0"]
[LiveChessVersion "1.4.4"]
[BlackElo "2104"]
[WhiteElo "2553"]

1. Nf3 {[%clk 0:15:17]} d5 {[%clk 0:15:18]} 2. c4 {[%clk 0:15:26]} d4
{[%clk 0:15:26]} 3. g3 {[%clk 0:15:27]} c5 {[%clk 0:15:13]} 4. Bg2
{[%clk 0:15:23]} Nc6 {[%clk 0:15:22]} 5. O-O {[%clk 0:15:30]} e5 {[%clk 0:15:17]}
6. d3 {[%clk 0:15:37]} Nf6 {[%clk 0:15:14]} 7. e3 {[%clk 0:15:26]} Be7
{[%clk 0:15:13]} 8. exd4 {[%clk 0:15:34]} cxd4 {[%clk 0:15:11]} 9. a3
{[%clk 0:14:48]} a5 {[%clk 0:15:07]} 10. Bg5 {[%clk 0:14:55]} O-O
{[%clk 0:14:46]} 11. Nbd2 {[%clk 0:15:03]} Re8 {[%clk 0:14:31]} 12. Re1
{[%clk 0:13:10]} h6 {[%clk 0:13:25]} 13. Bxf6 {[%clk 0:13:17]} Bxf6
{[%clk 0:13:34]} 14. Rb1 {[%clk 0:13:19]} Bf5 {[%clk 0:12:37]} 15. Qc2
{[%clk 0:11:24]} Qd7 {[%clk 0:06:14]} 16. b4 {[%clk 0:08:43]} axb4
{[%clk 0:05:22]} 17. axb4 {[%clk 0:08:52]} Ra3 {[%clk 0:04:59]} 18. Rb3
{[%clk 0:08:18]} Rea8 {[%clk 0:04:12]} 19. b5 {[%clk 0:07:02]} Nd8
{[%clk 0:04:17]} 20. Nxe5 {[%clk 0:04:54]} Bxe5 {[%clk 0:03:47]} 21. Rxe5
{[%clk 0:05:04]} Ra2 {[%clk 0:03:31]} 22. Qd1 {[%clk 0:03:53]} R8a3
{[%clk 0:02:06]} 23. Rxa3 {[%clk 0:02:39]} Rxa3 {[%clk 0:02:24]} 24. Rd5
{[%clk 0:02:47]} Qc8 {[%clk 0:02:11]} 25. Qe2 {[%clk 0:02:19]} Kf8
{[%clk 0:00:51]} 26. Qe5 {[%clk 0:01:09]} Rxd3 {[%clk 0:00:38]} 27. Rxd4
{[%clk 0:00:41]} Rxd4 {[%clk 0:00:42]} 28. Qxd4 {[%clk 0:00:50]} Ne6
{[%clk 0:00:47]} 29. Qd6+ {[%clk 0:00:39]} Kg8 {[%clk 0:00:53]} 30. h4
{[%clk 0:00:41]} Kh7 {[%clk 0:00:40]} 31. Bd5 {[%clk 0:00:28]} Kg8
{[%clk 0:00:37]} 32. Nf3 {[%clk 0:00:36]} Nc5 {[%clk 0:00:41]} 33. b6
{[%clk 0:00:24]} Be6 {[%clk 0:00:42]} 34. Qc7 {[%clk 0:00:28]} Qf8
{[%clk 0:00:21]} 35. Kg2 {[%clk 0:00:22]} Kh7 {[%clk 0:00:15]} 36. Bxb7
{[%clk 0:00:25]} Bxc4 {[%clk 0:00:22]} 37. Ne5 {[%clk 0:00:24]} Nxb7
{[%clk 0:00:29]} 38. Qxc4 {[%clk 0:00:28]} Nd6 {[%clk 0:00:33]} 39. Qd5
{[%clk 0:00:28]} f6 {[%clk 0:00:36]} 40. Qd3+ {[%clk 0:00:34]} Kg8
{[%clk 0:00:42]} 41. Qd5+ {[%clk 0:00:35]} Kh7 {[%clk 0:00:50]} 42. Qd3+
{[%clk 0:00:43]} Kg8 {[%clk 0:00:59]} 43. Nc6 {[%clk 0:00:47]} Nb7
{[%clk 0:00:39]} 44. Qd7 {[%clk 0:00:50]} Nc5 {[%clk 0:00:38]} 45. Ne7+
{[%clk 0:00:43]} Kf7 {[%clk 0:00:45]} 46. Qd5+ {[%clk 0:00:52]} Ne6
{[%clk 0:00:48]} 47. Nc6 {[%clk 0:00:57]} Qc5 {[%clk 0:00:40]} 48. Qd7+
{[%clk 0:00:37]} 1-0

[Event "Memorial Sergievskogo"]
[Site "Cheboksary"]
[Date "2016.04.12"]
[Round "6.1"]
[White "Volkov, Sergey"]
[Black "Rublevsky, Sergei"]
[Result "1-0"]
[LiveChessVersion "1.4.4"]
[BlackElo "2727"]
[WhiteElo "2597"]

1. d4 {[%clk 0:15:18]} d5 {[%clk 0:15:19]} 2. c4 {[%clk 0:15:25]} c6
{[%clk 0:15:28]} 3. cxd5 {[%clk 0:15:31]} cxd5 {[%clk 0:15:37]} 4. Bf4
{[%clk 0:15:39]} Nc6 {[%clk 0:15:44]} 5. e3 {[%clk 0:15:47]} Nf6 {[%clk 0:15:51]}
6. Nc3 {[%clk 0:15:54]} Bf5 {[%clk 0:15:59]} 7. Qb3 {[%clk 0:15:56]} Na5
{[%clk 0:16:04]} 8. Bb5+ {[%clk 0:15:58]} Bd7 {[%clk 0:16:12]} 9. Qc2
{[%clk 0:16:06]} e6 {[%clk 0:15:48]} 10. Bd3 {[%clk 0:16:01]} Rc8
{[%clk 0:15:27]} 11. Nf3 {[%clk 0:16:01]} Be7 {[%clk 0:15:34]} 12. h3
{[%clk 0:15:45]} O-O {[%clk 0:15:15]} 13. O-O {[%clk 0:15:43]} a6
{[%clk 0:15:11]} 14. Rfc1 {[%clk 0:15:07]} Bb5 {[%clk 0:13:51]} 15. Bxb5
{[%clk 0:14:42]} axb5 {[%clk 0:14:00]} 16. Qd3 {[%clk 0:14:10]} b4
{[%clk 0:13:20]} 17. Na4 {[%clk 0:13:00]} Nc4 {[%clk 0:12:28]} 18. b3
{[%clk 0:11:26]} Nd6 {[%clk 0:11:17]} 19. Bxd6 {[%clk 0:07:31]} Bxd6
{[%clk 0:08:50]} 20. Rc2 {[%clk 0:06:25]} Ne4 {[%clk 0:06:29]} 21. Rac1
{[%clk 0:06:26]} Rxc2 {[%clk 0:04:15]} 22. Rxc2 {[%clk 0:06:34]} Qd7
{[%clk 0:04:02]} 23. Ne5 {[%clk 0:06:00]} Bxe5 {[%clk 0:03:35]} 24. dxe5
{[%clk 0:06:08]} Rc8 {[%clk 0:03:18]} 25. Qb5 {[%clk 0:03:27]} Qd8
{[%clk 0:02:58]} 26. Qb6 {[%clk 0:02:45]} Qf8 {[%clk 0:02:47]} 27. Rc7
{[%clk 0:02:22]} Rxc7 {[%clk 0:01:59]} 28. Qxc7 {[%clk 0:02:31]} b5
{[%clk 0:02:07]} 29. Nb6 {[%clk 0:02:24]} h5 {[%clk 0:02:02]} 30. Nc8
{[%clk 0:01:52]} Nc3 {[%clk 0:01:07]} 31. Nd6 {[%clk 0:01:54]} Nxa2
{[%clk 0:00:43]} 32. Nxb5 {[%clk 0:02:01]} Qe8 {[%clk 0:00:15]} 33. Nd6
{[%clk 0:02:05]} Qf8 {[%clk 0:00:24]} 34. Qa5 {[%clk 0:02:05]} Nc1
{[%clk 0:00:30]} 35. Qxb4 {[%clk 0:02:08]} Qa8 {[%clk 0:00:38]} 36. Qa4
{[%clk 0:02:07]} Qb8 {[%clk 0:00:43]} 37. Qd7 {[%clk 0:02:10]} Qf8
{[%clk 0:00:47]} 38. Qb7 {[%clk 0:01:52]} Nd3 {[%clk 0:00:52]} 39. f4
{[%clk 0:01:56]} f6 {[%clk 0:00:42]} 40. Qd7 {[%clk 0:01:27]} Nc5
{[%clk 0:00:48]} 41. Qb5 {[%clk 0:01:30]} Ne4 {[%clk 0:00:41]} 42. Nxe4
{[%clk 0:01:38]} dxe4 {[%clk 0:00:50]} 43. exf6 {[%clk 0:01:31]} gxf6
{[%clk 0:00:33]} 44. Qxh5 {[%clk 0:01:34]} Kg7 {[%clk 0:00:22]} 45. Qg4+
{[%clk 0:01:10]} Kf7 {[%clk 0:00:32]} 46. f5 {[%clk 0:01:16]} exf5
{[%clk 0:00:40]} 47. Qxf5 {[%clk 0:01:23]} Qb4 {[%clk 0:00:48]} 48. Qd5+
{[%clk 0:01:26]} Kg7 {[%clk 0:00:44]} 49. Kf2 {[%clk 0:01:25]} Qe7
{[%clk 0:00:36]} 50. h4 {[%clk 0:00:56]} Kh6 {[%clk 0:00:32]} 51. Kg3
{[%clk 0:00:57]} Qc7+ {[%clk 0:00:37]} 52. Kg4 {[%clk 0:01:03]} Qc2
{[%clk 0:00:31]} 53. Kg3 {[%clk 0:00:42]} Qc7+ {[%clk 0:00:35]} 54. Kh3
{[%clk 0:00:49]} Qc8+ {[%clk 0:00:38]} 55. g4 {[%clk 0:00:50]} Qc2
{[%clk 0:00:39]} 56. g5+ {[%clk 0:00:58]} fxg5 {[%clk 0:00:43]} 57. Qe6+
{[%clk 0:00:49]} Kg7 {[%clk 0:00:34]} 58. hxg5 {[%clk 0:00:57]} Qd3
{[%clk 0:00:40]} 59. Qf6+ {[%clk 0:00:56]} Kg8 {[%clk 0:00:49]} 60. Qf4
{[%clk 0:01:02]} Qb1 {[%clk 0:00:17]} 61. Kg4 {[%clk 0:01:02]} Qd1+
{[%clk 0:00:16]} 62. Kf5 {[%clk 0:01:08]} Qxb3 {[%clk 0:00:13]} 63. Qxe4
{[%clk 0:01:13]} Qf7+ {[%clk 0:00:16]} 64. Kg4 {[%clk 0:01:20]} Qd7+
{[%clk 0:00:25]} 65. Kh4 Qd1 1-0

[Event "Memorial Sergievskogo"]
[Site "Cheboksary"]
[Date "2016.04.12"]
[Round "6.2"]
[White "Khismatullin, Denis"]
[Black "Potapov, Pavel"]
[Result "1-0"]
[LiveChessVersion "1.4.4"]
[BlackElo "2501"]
[WhiteElo "2709"]

1. d4 {[%clk 0:15:18]} f5 {[%clk 0:15:16]} 2. Nf3 {[%clk 0:15:26]} Nf6
{[%clk 0:15:23]} 3. Bg5 {[%clk 0:15:34]} e6 {[%clk 0:15:20]} 4. e3
{[%clk 0:15:32]} Be7 {[%clk 0:15:13]} 5. Bd3 {[%clk 0:15:38]} O-O
{[%clk 0:14:39]} 6. c4 {[%clk 0:15:01]} d5 {[%clk 0:12:28]} 7. Nc3
{[%clk 0:15:00]} c6 {[%clk 0:12:26]} 8. O-O {[%clk 0:14:19]} Ne4 {[%clk 0:11:06]}
9. Bxe7 {[%clk 0:13:58]} Qxe7 {[%clk 0:11:12]} 10. Qc2 {[%clk 0:14:07]} Nd7
{[%clk 0:09:41]} 11. Rab1 {[%clk 0:13:41]} Ndf6 {[%clk 0:08:33]} 12. b4
{[%clk 0:13:30]} Bd7 {[%clk 0:08:32]} 13. Ne2 {[%clk 0:09:12]} Be8
{[%clk 0:08:01]} 14. Ne5 {[%clk 0:09:13]} Nd7 {[%clk 0:05:42]} 15. f3
{[%clk 0:09:04]} Nef6 {[%clk 0:04:16]} 16. c5 {[%clk 0:08:18]} g5
{[%clk 0:03:56]} 17. a4 {[%clk 0:07:49]} Bh5 {[%clk 0:03:03]} 18. b5
{[%clk 0:06:43]} Nxe5 {[%clk 0:02:35]} 19. dxe5 {[%clk 0:06:51]} Nd7
{[%clk 0:02:44]} 20. bxc6 {[%clk 0:07:00]} bxc6 {[%clk 0:01:56]} 21. Rb7
{[%clk 0:07:08]} Rfb8 {[%clk 0:01:55]} 22. Rfb1 {[%clk 0:07:09]} Rxb7
{[%clk 0:01:54]} 23. Rxb7 {[%clk 0:07:17]} Be8 {[%clk 0:01:44]} 24. Nd4
{[%clk 0:04:18]} Qxc5 {[%clk 0:01:45]} 25. Qb2 {[%clk 0:03:09]} Nxe5
{[%clk 0:00:57]} 26. Nxf5 {[%clk 0:03:05]} d4 {[%clk 0:00:39]} 27. Qb3
{[%clk 0:00:45]} Bf7 {[%clk 0:00:22]} 28. Nh6+ {[%clk 0:00:43]} Kg7
{[%clk 0:00:25]} 29. Nxf7 {[%clk 0:00:34]} Nxf7 {[%clk 0:00:22]} 30. Qxe6
{[%clk 0:00:36]} Qc1+ {[%clk 0:00:23]} 31. Kf2 {[%clk 0:00:33]} Qd2+
{[%clk 0:00:25]} 32. Kg3 {[%clk 0:00:25]} Qe1+ {[%clk 0:00:30]} 33. Kg4
{[%clk 0:00:34]} Rf8 {[%clk 0:00:21]} 34. Bc4 {[%clk 0:00:35]} h5+
{[%clk 0:00:19]} 35. Kf5 {[%clk 0:00:36]} Qxe3 {[%clk 0:00:13]} 36. Rxf7+
{[%clk 0:00:38]} 1-0

[Event "Memorial Sergievskogo"]
[Site "Cheboksary"]
[Date "2016.04.12"]
[Round "6.3"]
[White "Bezgodov, Alexei"]
[Black "Morozevich, Alexander"]
[Result "0-1"]
[LiveChessVersion "1.4.4"]
[BlackElo "2669"]
[WhiteElo "2488"]

1. e4 {[%clk 0:15:19]} c5 {[%clk 0:15:09]} 2. Nc3 {[%clk 0:15:27]} Nc6
{[%clk 0:14:38]} 3. Nge2 {[%clk 0:15:34]} e6 {[%clk 0:14:30]} 4. d4
{[%clk 0:15:42]} cxd4 {[%clk 0:14:38]} 5. Nxd4 {[%clk 0:15:51]} Qc7
{[%clk 0:14:47]} 6. Be2 {[%clk 0:15:54]} a6 {[%clk 0:14:48]} 7. O-O
{[%clk 0:16:00]} Bc5 {[%clk 0:14:57]} 8. Be3 {[%clk 0:15:01]} d6 {[%clk 0:15:03]}
9. Nxc6 {[%clk 0:14:04]} Bxe3 {[%clk 0:15:10]} 10. fxe3 {[%clk 0:13:30]} bxc6
{[%clk 0:15:18]} 11. Qd4 {[%clk 0:11:51]} e5 {[%clk 0:13:52]} 12. Qd2
{[%clk 0:11:20]} Nf6 {[%clk 0:12:34]} 13. Rad1 {[%clk 0:11:22]} Ke7
{[%clk 0:12:42]} 14. Bc4 {[%clk 0:11:24]} Bg4 {[%clk 0:12:24]} 15. Rxf6
{[%clk 0:11:04]} gxf6 {[%clk 0:12:14]} 16. Rf1 {[%clk 0:11:14]} Rag8
{[%clk 0:09:35]} 17. Bxa6 {[%clk 0:09:43]} Be6 {[%clk 0:09:17]} 18. Qf2
{[%clk 0:08:53]} Rg6 {[%clk 0:09:25]} 19. Bd3 {[%clk 0:05:33]} Bh3
{[%clk 0:08:42]} 20. g3 {[%clk 0:05:26]} h5 {[%clk 0:08:41]} 21. Re1
{[%clk 0:04:34]} h4 {[%clk 0:08:44]} 22. Ne2 {[%clk 0:04:38]} Bg4
{[%clk 0:08:01]} 23. Rf1 {[%clk 0:04:15]} Qb8 {[%clk 0:06:17]} 24. b3
{[%clk 0:04:03]} Qd8 0-1

[Event "Memorial Sergievskogo"]
[Site "Cheboksary"]
[Date "2016.04.12"]
[Round "6.4"]
[White "Sharafiev, Azat"]
[Black "Motylev, Alexander"]
[Result "1/2-1/2"]
[LiveChessVersion "1.4.4"]
[BlackElo "2662"]
[WhiteElo "2460"]

1. d4 {[%clk 0:15:19]} d5 {[%clk 0:15:18]} 2. c4 {[%clk 0:15:27]} c6
{[%clk 0:15:27]} 3. Nf3 {[%clk 0:15:33]} Nf6 {[%clk 0:15:35]} 4. Nc3
{[%clk 0:15:42]} e6 {[%clk 0:15:40]} 5. Bg5 {[%clk 0:15:50]} h6 {[%clk 0:15:48]}
6. Bxf6 {[%clk 0:15:53]} Qxf6 {[%clk 0:15:57]} 7. Qb3 {[%clk 0:15:09]} a5
{[%clk 0:16:01]} 8. e3 {[%clk 0:14:24]} a4 {[%clk 0:15:53]} 9. Qc2
{[%clk 0:14:32]} Nd7 {[%clk 0:14:43]} 10. cxd5 {[%clk 0:14:16]} exd5
{[%clk 0:14:39]} 11. Nxa4 {[%clk 0:14:21]} Bb4+ {[%clk 0:14:11]} 12. Nc3
{[%clk 0:14:28]} O-O {[%clk 0:14:19]} 13. Bd3 {[%clk 0:14:30]} Re8
{[%clk 0:13:25]} 14. O-O {[%clk 0:14:34]} Qd8 {[%clk 0:13:21]} 15. a3
{[%clk 0:13:27]} Bd6 {[%clk 0:13:30]} 16. e4 {[%clk 0:13:08]} dxe4
{[%clk 0:13:38]} 17. Nxe4 {[%clk 0:13:16]} Bc7 {[%clk 0:13:44]} 18. Rfe1
{[%clk 0:13:06]} Nf8 {[%clk 0:13:19]} 19. h3 {[%clk 0:11:29]} Re7
{[%clk 0:11:40]} 20. Rad1 {[%clk 0:11:16]} Qe8 {[%clk 0:11:12]} 21. Nc5
{[%clk 0:10:30]} b6 {[%clk 0:11:06]} 22. Rxe7 {[%clk 0:10:33]} Qxe7
{[%clk 0:11:15]} 23. Re1 {[%clk 0:10:30]} Qd8 {[%clk 0:11:22]} 24. Ne4
{[%clk 0:10:19]} Bb7 {[%clk 0:11:30]} 25. Bc4 {[%clk 0:10:12]} Ra5
{[%clk 0:09:46]} 26. Ng3 {[%clk 0:06:56]} Qf6 {[%clk 0:08:35]} 27. Re8
{[%clk 0:05:34]} Ra8 {[%clk 0:07:53]} 28. Ne5 {[%clk 0:03:27]} Rxe8
{[%clk 0:07:14]} 29. Bxf7+ {[%clk 0:03:34]} Qxf7 {[%clk 0:07:09]} 30. Nxf7
{[%clk 0:03:42]} Kxf7 {[%clk 0:06:29]} 31. d5 {[%clk 0:03:12]} Bxg3
{[%clk 0:05:12]} 32. fxg3 {[%clk 0:03:13]} cxd5 {[%clk 0:05:21]} 33. Qf2+
{[%clk 0:03:03]} Kg8 {[%clk 0:05:16]} 34. Qxb6 {[%clk 0:03:12]} Ba8
{[%clk 0:04:24]} 35. b4 {[%clk 0:02:52]} Ne6 {[%clk 0:04:21]} 36. b5
{[%clk 0:02:33]} d4 {[%clk 0:04:30]} 37. Qd6 {[%clk 0:02:37]} Kf7
{[%clk 0:04:35]} 38. Qd7+ {[%clk 0:02:02]} Re7 {[%clk 0:04:38]} 39. Qd6
{[%clk 0:02:11]} Re8 {[%clk 0:04:23]} 40. Qd7+ {[%clk 0:02:19]} Re7
{[%clk 0:04:30]} 41. Qd6 {[%clk 0:02:28]} Re8 {[%clk 0:03:36]} 1/2-1/2

[Event "Memorial Sergievskogo"]
[Site "Cheboksary"]
[Date "2016.04.12"]
[Round "6.5"]
[White "Lysyj, Igor"]
[Black "Glek, Igor"]
[Result "1-0"]
[LiveChessVersion "1.4.4"]
[BlackElo "2486"]
[WhiteElo "2670"]

1. Nf3 {[%clk 0:15:18]} d6 {[%clk 0:15:13]} 2. d4 {[%clk 0:15:23]} f5
{[%clk 0:14:44]} 3. c4 {[%clk 0:15:20]} Nf6 {[%clk 0:14:52]} 4. Nc3
{[%clk 0:15:27]} e6 {[%clk 0:14:57]} 5. e3 {[%clk 0:15:29]} Be7 {[%clk 0:14:23]}
6. Be2 {[%clk 0:15:35]} O-O {[%clk 0:14:22]} 7. b4 {[%clk 0:15:17]} e5
{[%clk 0:10:34]} 8. dxe5 {[%clk 0:13:51]} dxe5 {[%clk 0:10:43]} 9. Qb3
{[%clk 0:14:00]} Nfd7 {[%clk 0:05:13]} 10. c5+ {[%clk 0:13:02]} Kh8
{[%clk 0:05:22]} 11. Bb2 {[%clk 0:12:28]} a5 {[%clk 0:05:19]} 12. a3
{[%clk 0:12:35]} axb4 {[%clk 0:05:17]} 13. axb4 {[%clk 0:12:43]} Rxa1+
{[%clk 0:05:25]} 14. Bxa1 {[%clk 0:12:52]} Nc6 {[%clk 0:04:47]} 15. O-O
{[%clk 0:07:01]} Qe8 {[%clk 0:04:24]} 16. Nd5 {[%clk 0:06:18]} Bd8
{[%clk 0:04:31]} 17. b5 {[%clk 0:05:51]} Ne7 {[%clk 0:03:51]} 18. Nxe7
{[%clk 0:05:34]} Nxc5 {[%clk 0:03:23]} 19. Qc2 {[%clk 0:05:36]} Qxe7
{[%clk 0:02:36]} 20. Nxe5 {[%clk 0:05:07]} Ne4 {[%clk 0:02:06]} 21. Rd1
{[%clk 0:04:56]} Be6 {[%clk 0:02:02]} 22. Nd3 {[%clk 0:03:53]} Qf7
{[%clk 0:01:49]} 23. Rc1 {[%clk 0:03:25]} Bb3 {[%clk 0:01:40]} 24. Qb1
{[%clk 0:03:33]} Bd5 {[%clk 0:00:31]} 25. Bd4 {[%clk 0:02:43]} c6
{[%clk 0:00:28]} 26. Nf4 {[%clk 0:02:44]} Bf6 {[%clk 0:00:22]} 27. Qb2
{[%clk 0:02:28]} Qd7 {[%clk 0:00:15]} 28. Rd1 {[%clk 0:02:19]} Qe7
{[%clk 0:00:13]} 29. Bf3 {[%clk 0:01:31]} Bg8 {[%clk 0:00:16]} 30. bxc6
{[%clk 0:01:05]} bxc6 {[%clk 0:00:25]} 31. Qb6 {[%clk 0:00:32]} c5
{[%clk 0:00:26]} 32. Bxf6 {[%clk 0:00:34]} Rxf6 {[%clk 0:00:32]} 33. Qb8
{[%clk 0:00:32]} Rf8 {[%clk 0:00:39]} 34. Qb6 {[%clk 0:00:41]} c4
{[%clk 0:00:44]} 35. Bxe4 {[%clk 0:00:46]} fxe4 {[%clk 0:00:50]} 36. Qc6
{[%clk 0:00:51]} Qe8 {[%clk 0:00:47]} 37. Qc5 {[%clk 0:00:58]} Qc8
{[%clk 0:00:37]} 38. Qh5 {[%clk 0:01:05]} Qf5 {[%clk 0:00:47]} 39. Qxf5
{[%clk 0:00:56]} Rxf5 {[%clk 0:00:56]} 40. Ne2 {[%clk 0:01:05]} Rd5
{[%clk 0:00:17]} 41. Rxd5 {[%clk 0:00:35]} Bxd5 {[%clk 0:00:26]} 42. Kf1
{[%clk 0:00:43]} Kg8 {[%clk 0:00:26]} 43. Ke1 {[%clk 0:00:52]} Kf7
{[%clk 0:00:35]} 44. Kd2 {[%clk 0:01:00]} Kf6 {[%clk 0:00:28]} 45. Kc3
{[%clk 0:00:51]} Ke5 {[%clk 0:00:37]} 46. Ng3 {[%clk 0:00:58]} g6
{[%clk 0:00:40]} 47. Nf1 {[%clk 0:01:06]} Bb7 {[%clk 0:00:15]} 48. Nd2
{[%clk 0:01:10]} Kd5 {[%clk 0:00:21]} 49. Nxc4 Ba6 50. Nd2 {[%clk 0:01:05]} g5
{[%clk 0:00:38]} 51. Nb3 {[%clk 0:00:26]} Bf1 {[%clk 0:00:42]} 52. g3
{[%clk 0:00:35]} Bb5 {[%clk 0:00:40]} 53. Nd4 {[%clk 0:00:43]} Bd7
{[%clk 0:00:47]} 54. Kb4 {[%clk 0:00:41]} h6 {[%clk 0:00:52]} 55. Ne2
{[%clk 0:00:40]} Bc6 {[%clk 0:00:22]} 56. g4 {[%clk 0:00:22]} Bd7
{[%clk 0:00:25]} 57. h3 {[%clk 0:00:31]} Ke5 {[%clk 0:00:12]} 58. Ng3
{[%clk 0:00:38]} Bc8 {[%clk 0:00:19]} 59. Kc5 {[%clk 0:00:45]} Ba6
{[%clk 0:00:27]} 60. Kc6 {[%clk 0:00:45]} Bc4 {[%clk 0:00:27]} 61. Kd7
{[%clk 0:00:51]} Bb3 {[%clk 0:00:36]} 62. Ke7 {[%clk 0:00:37]} Bd5
{[%clk 0:00:32]} 63. Kf8 {[%clk 0:00:23]} Kf6 {[%clk 0:00:42]} 64. Nh5+
{[%clk 0:00:30]} Kg6 {[%clk 0:00:47]} 65. Ng3 {[%clk 0:00:16]} Kf6
{[%clk 0:00:56]} 66. Ke8 {[%clk 0:00:19]} Bc6+ {[%clk 0:00:22]} 67. Kf8
{[%clk 0:00:27]} Bd5 {[%clk 0:00:32]} 68. Nh5+ {[%clk 0:00:35]} Kg6
{[%clk 0:00:41]} 69. Ke7 {[%clk 0:00:44]} Bc4 {[%clk 0:00:40]} 70. Ng3 Bd3
{[%clk 0:00:13]} 71. Ke6 {[%clk 0:00:54]} Bc2 {[%clk 0:00:21]} 72. Ke5
{[%clk 0:01:00]} Bd3 {[%clk 0:00:30]} 73. Kd4 {[%clk 0:00:50]} Ba6
{[%clk 0:00:36]} 74. Kd5 {[%clk 0:00:33]} Bb7+ {[%clk 0:00:36]} 75. Ke5
{[%clk 0:00:35]} Ba6 {[%clk 0:00:46]} 76. Kd5 {[%clk 0:00:30]} Bb7+
{[%clk 0:00:55]} 77. Kc5 {[%clk 0:00:35]} Ba6 {[%clk 0:01:00]} 78. Kd4
{[%clk 0:00:44]} Bd3 {[%clk 0:01:07]} 79. f3 {[%clk 0:00:40]} Ba6
{[%clk 0:00:42]} 80. Nxe4 {[%clk 0:00:28]} Bf1 {[%clk 0:00:51]} 81. Nf2
{[%clk 0:00:37]} h5 {[%clk 0:01:01]} 82. Ke5 {[%clk 0:00:34]} Bg2
{[%clk 0:00:45]} 83. f4 {[%clk 0:00:42]} gxf4 {[%clk 0:00:50]} 84. exf4
{[%clk 0:00:48]} h4 {[%clk 0:00:23]} 85. Ke6 {[%clk 0:00:23]} Bf1
{[%clk 0:00:24]} 86. f5+ {[%clk 0:00:27]} Kg5 {[%clk 0:00:31]} 87. f6
{[%clk 0:00:21]} Kf4 {[%clk 0:00:31]} 88. f7 {[%clk 0:00:25]} Bc4+
{[%clk 0:00:39]} 89. Ke7 {[%clk 0:00:32]} Bxf7 {[%clk 0:00:47]} 90. Kxf7
{[%clk 0:00:40]} Kg3 {[%clk 0:00:56]} 91. g5 {[%clk 0:00:33]} 1-0

[Event "Memorial Sergievskogo"]
[Site "Cheboksary"]
[Date "2016.04.12"]
[Round "6.6"]
[White "Dreev, Aleksey"]
[Black "Gunina, Valentina"]
[Result "1/2-1/2"]
[LiveChessVersion "1.4.4"]
[BlackElo "2444"]
[WhiteElo "2668"]

1. d4 {[%clk 0:15:19]} d5 {[%clk 0:15:18]} 2. c4 {[%clk 0:15:28]} c6
{[%clk 0:15:27]} 3. Nf3 {[%clk 0:15:36]} Nf6 {[%clk 0:15:34]} 4. e3
{[%clk 0:15:44]} Bf5 {[%clk 0:15:41]} 5. Nc3 {[%clk 0:15:53]} e6 {[%clk 0:15:46]}
6. Nh4 {[%clk 0:16:01]} Bg6 {[%clk 0:15:53]} 7. Nxg6 {[%clk 0:16:09]} hxg6
{[%clk 0:16:01]} 8. Bd3 {[%clk 0:16:14]} Nbd7 {[%clk 0:16:00]} 9. h3
{[%clk 0:16:01]} Bd6 {[%clk 0:15:40]} 10. Bd2 {[%clk 0:16:02]} O-O
{[%clk 0:15:19]} 11. Qc2 {[%clk 0:16:05]} Rc8 {[%clk 0:14:08]} 12. O-O
{[%clk 0:15:59]} dxc4 {[%clk 0:14:08]} 13. Bxc4 {[%clk 0:16:07]} c5
{[%clk 0:13:59]} 14. dxc5 {[%clk 0:16:10]} Bxc5 {[%clk 0:13:59]} 15. Be2
{[%clk 0:15:32]} Qe7 {[%clk 0:13:57]} 16. Rfd1 {[%clk 0:15:36]} a6
{[%clk 0:14:02]} 17. Rac1 {[%clk 0:15:28]} Bd6 {[%clk 0:14:09]} 18. Be1
{[%clk 0:15:22]} Be5 {[%clk 0:14:16]} 19. Qb1 {[%clk 0:15:19]} Rfd8
{[%clk 0:14:14]} 20. Bf3 {[%clk 0:15:13]} Nb6 {[%clk 0:14:09]} 21. Rxd8+
{[%clk 0:15:03]} Rxd8 {[%clk 0:13:53]} 22. Rd1 {[%clk 0:15:02]} Rc8
{[%clk 0:13:59]} 23. Ne2 {[%clk 0:14:06]} Nbd5 {[%clk 0:13:17]} 24. Rc1
{[%clk 0:13:45]} Rd8 {[%clk 0:13:06]} 25. a3 {[%clk 0:13:20]} Bb8
{[%clk 0:12:48]} 26. b4 {[%clk 0:12:17]} Qd6 {[%clk 0:11:48]} 27. g3
{[%clk 0:11:10]} Qe7 {[%clk 0:11:57]} 28. Rd1 {[%clk 0:10:08]} Rc8
{[%clk 0:11:59]} 29. Qb3 {[%clk 0:10:07]} b5 {[%clk 0:10:42]} 30. a4
{[%clk 0:09:57]} Rc4 {[%clk 0:09:32]} 31. axb5 {[%clk 0:10:04]} axb5
{[%clk 0:09:41]} 32. Nd4 {[%clk 0:10:13]} Rc8 {[%clk 0:09:00]} 33. Nxb5
{[%clk 0:10:11]} Be5 {[%clk 0:08:55]} 34. Nd4 {[%clk 0:09:58]} Qc7
{[%clk 0:07:31]} 35. b5 {[%clk 0:08:28]} Rb8 {[%clk 0:07:39]} 36. Qa4
{[%clk 0:07:39]} Nb6 {[%clk 0:05:51]} 37. Qc2 {[%clk 0:06:56]} Qxc2
{[%clk 0:06:00]} 38. Nxc2 {[%clk 0:07:04]} Na4 {[%clk 0:05:54]} 39. Bc6
{[%clk 0:06:45]} Bc3 {[%clk 0:05:23]} 40. Nb4 {[%clk 0:05:33]} Bxe1
{[%clk 0:05:11]} 41. Rxe1 {[%clk 0:05:38]} Nc3 {[%clk 0:05:19]} 42. Na6
{[%clk 0:03:52]} Rb6 {[%clk 0:05:28]} 43. Nc7 {[%clk 0:04:01]} Nfd5
{[%clk 0:05:07]} 44. Nxd5 {[%clk 0:04:04]} exd5 {[%clk 0:05:15]} 45. Ra1
{[%clk 0:04:00]} d4 {[%clk 0:04:55]} 46. Ra6 {[%clk 0:01:50]} Rb8
{[%clk 0:04:15]} 47. exd4 {[%clk 0:01:59]} Ne2+ {[%clk 0:04:18]} 48. Kg2
{[%clk 0:02:07]} Nxd4 {[%clk 0:04:26]} 49. Ra4 {[%clk 0:02:13]} Nxc6
{[%clk 0:04:07]} 50. bxc6 {[%clk 0:02:21]} Rc8 {[%clk 0:04:15]} 51. Ra6
{[%clk 0:01:48]} Kf8 {[%clk 0:04:24]} 52. Kf3 {[%clk 0:01:57]} Ke7
{[%clk 0:04:32]} 53. Ke4 {[%clk 0:01:45]} Kd6 {[%clk 0:04:41]} 54. Ra7
{[%clk 0:01:54]} Ke6 {[%clk 0:04:40]} 55. Ra6 {[%clk 0:01:32]} Kd6
{[%clk 0:04:48]} 56. Ra7 {[%clk 0:01:15]} Ke6 {[%clk 0:04:57]} 57. c7
{[%clk 0:01:25]} Kd6 {[%clk 0:05:06]} 58. f4 {[%clk 0:00:51]} Rxc7
{[%clk 0:04:56]} 59. Rxc7 {[%clk 0:01:00]} Kxc7 {[%clk 0:05:04]} 60. Ke5
{[%clk 0:01:07]} Kd7 {[%clk 0:05:10]} 61. g4 {[%clk 0:01:12]} Ke7
{[%clk 0:04:57]} 62. h4 {[%clk 0:01:19]} Kd7 {[%clk 0:04:44]} 63. f5
{[%clk 0:01:18]} gxf5 {[%clk 0:04:42]} 64. gxf5 {[%clk 0:01:08]} Ke7
{[%clk 0:04:16]} 65. f6+ {[%clk 0:01:16]} gxf6+ {[%clk 0:04:20]} 66. Ke4 1/2-1/2

[Event "Memorial Sergievskogo"]
[Site "Cheboksary"]
[Date "2016.04.12"]
[Round "6.7"]
[White "Pasiev, Rakhim"]
[Black "Lintchevski, Daniil"]
[Result "1/2-1/2"]
[LiveChessVersion "1.4.4"]
[BlackElo "2590"]
[WhiteElo "2455"]

1. d4 {[%clk 0:15:18]} d5 {[%clk 0:15:17]} 2. Nc3 {[%clk 0:15:27]} c5
{[%clk 0:14:42]} 3. dxc5 {[%clk 0:15:19]} Nf6 {[%clk 0:14:22]} 4. Nf3
{[%clk 0:15:16]} e6 {[%clk 0:14:22]} 5. e4 {[%clk 0:15:02]} Bxc5 {[%clk 0:13:59]}
6. exd5 {[%clk 0:15:08]} Nxd5 {[%clk 0:13:06]} 7. Nxd5 {[%clk 0:14:54]} exd5
{[%clk 0:13:13]} 8. Bb5+ {[%clk 0:13:42]} Nc6 {[%clk 0:13:13]} 9. O-O
{[%clk 0:13:49]} O-O {[%clk 0:13:16]} 10. h3 {[%clk 0:13:56]} Bf5
{[%clk 0:12:57]} 11. c3 {[%clk 0:12:31]} Qd6 {[%clk 0:11:29]} 12. Qa4
{[%clk 0:11:14]} h6 {[%clk 0:08:48]} 13. Bf4 {[%clk 0:11:11]} Qf6
{[%clk 0:08:49]} 14. Bxc6 {[%clk 0:09:59]} Qxc6 {[%clk 0:08:47]} 15. Qxc6
{[%clk 0:09:32]} bxc6 {[%clk 0:08:54]} 16. Nd4 {[%clk 0:09:19]} Bxd4
{[%clk 0:09:01]} 1/2-1/2